[Event "Plzen, JF C"]
[Site "?"]
[Date "1999.??.??"]
[Round "9.7"]
[White "Cernousek, L."]
[Black "Chrz, P."]
[Result "1-0"]
[WhiteElo "2203"]
[BlackElo "2121"]
[PlyCount "107"]
[EventDate "1999.??.??"]
[Source "ChessBase"]
[SourceDate "1996.11.15"]

1. e4 c5 2. Nc3 Nc6 3. Nf3 d6 4. d4 cxd4 5. Nxd4 a6 6. Bc4 e6 7. Be3 Qc7 8. Qe2
Nf6 9. O-O-O Be7 10. Bb3 b5 11. g4 O-O 12. g5 Nd7 13. Rhg1 b4 14. Nxe6 fxe6 15.
Bxe6+ Kh8 16. Nd5 Qd8 17. g6 Nde5 18. Qh5 Nxg6 19. Rxg6 Qe8 20. Bf5 Bxf5 21.
exf5 Rxf5 22. Qxf5 hxg6 23. Qh3+ Kg8 24. Qe6+ Kf8 25. Nxe7 Nxe7 26. Qxd6 Kg8
27. Qe6+ Qf7 28. Rd6 Qxe6 29. Rxe6 Kf7 30. Rb6 a5 31. Rb7 Ke6 32. Ra7 Rxa7 33.
Bxa7 Kd5 34. Bb6 a4 35. Kd2 Ke4 36. Ke2 Nd5 37. f3+ Kf5 38. Bd4 Nf4+ 39. Ke3
Ne6 40. c4 bxc3 41. Bxc3 g5 42. Kd3 Kf4 43. Kc4 Kxf3 44. Kb4 Kg2 45. Be5 g4 46.
Kxa4 Nc5+ 47. Ka5 Nd3 48. Bxg7 Kxh2 49. b4 g3 50. b5 Kg2 51. b6 Kf3 52. b7 g2
53. Bd4 Nf2 54. Bxf2 1-0

[Event "Plzen, JF C"]
[Site "?"]
[Date "1999.??.??"]
[Round "9.8"]
[White "Neuman, P."]
[Black "Matejka, P."]
[Result "1-0"]
[WhiteElo "2384"]
[BlackElo "2083"]
[PlyCount "121"]
[EventDate "1999.??.??"]
[Source "ChessBase"]
[SourceDate "1996.11.15"]

1. d4 Nf6 2. Nf3 g6 3. Bg5 Bg7 4. Nbd2 c5 5. e3 b6 6. c3 O-O 7. Be2 d6 8. O-O
Bb7 9. a4 a6 10. Nc4 Nbd7 11. b4 Ne4 12. Qb3 Nxg5 13. Nxg5 d5 14. Nd2 e5 15.
Ngf3 e4 16. Ne1 c4 17. Qc2 Bh6 18. g3 f5 19. Ng2 Nf6 20. f4 exf3 21. Bxf3 Qd7
22. a5 b5 23. Rfe1 Rae8 24. Nf1 Kf7 25. Rad1 Ke7 26. Rd2 Kd8 27. Rf2 Kc7 28.
Qc1 Re7 29. Qd2 Qe8 30. Qc1 Bc8 31. Qd2 Kd6 32. Qc1 Ref7 33. Qd2 g5 34. Qc1 g4
35. Bd1 Ne4 36. Rb2 Rf6 37. Nf4 Bg5 38. Nd2 h5 39. Nxe4+ fxe4 40. Rg2 h4 41.
Be2 Bxf4 42. gxf4 Rg8 43. Kf2 g3+ 44. hxg3 Bh3 45. g4 Bxg2 46. Kxg2 h3+ 47. Kh2
Rh6 48. Rg1 Qg6 49. Qe1 Kc6 50. Qf2 Rh7 51. Rg3 Rh4 52. Rg1 Rgh8 53. Qg3 Kd7
54. g5 Qd6 55. g6 R4h6 56. Qg5 Ke8 57. g7 Rg8 58. Bh5+ Rxh5 59. Qxh5+ Ke7 60.
Qe5+ Qxe5 61. fxe5 1-0

[Event "Plzen, JF C"]
[Site "?"]
[Date "1999.??.??"]
[Round "9.9"]
[White "Korenova, M."]
[Black "Brazdil, R."]
[Result "1-0"]
[WhiteElo "2285"]
[BlackElo "2183"]
[PlyCount "45"]
[EventDate "1999.??.??"]
[Source "ChessBase"]
[SourceDate "1996.11.15"]

1. e4 Nf6 2. e5 Nd5 3. d4 d6 4. Nf3 g6 5. exd6 cxd6 6. c4 Nb6 7. Nc3 Bg7 8. Be3
O-O 9. Rc1 Nc6 10. d5 Ne5 11. Nxe5 Bxe5 12. Bd4 Nd7 13. Be2 Bxd4 14. Qxd4 Qb6
15. Qd2 Nf6 16. O-O Bf5 17. b3 Ne4 18. Nxe4 Bxe4 19. h4 h5 20. Qg5 Bf5 21. Bxh5
f6 22. Qf4 Kf7 23. Qxf5 1-0

[Event "Plzen, JF C"]
[Site "?"]
[Date "1999.??.??"]
[Round "9.10"]
[White "Hrbolka, L sr"]
[Black "Novak, P."]
[Result "1-0"]
[WhiteElo "2140"]
[BlackElo "2274"]
[PlyCount "89"]
[EventDate "1999.??.??"]
[Source "ChessBase"]
[SourceDate "1996.11.15"]

1. d4 Nf6 2. Nf3 g6 3. c4 Bg7 4. Nc3 O-O 5. e4 d6 6. Be2 e5 7. O-O exd4 8. Nxd4
Re8 9. f3 Nc6 10. Be3 Nh5 11. Nxc6 bxc6 12. Qd2 f5 13. Bg5 Qd7 14. g4 Nf6 15.
gxf5 gxf5 16. Kh1 Kh8 17. Rf2 Qf7 18. Rg1 Be6 19. Rfg2 Rg8 20. Bh4 Nd7 21. exf5
Bxf5 22. Ne4 Bxe4 23. fxe4 Ne5 24. Rg5 Nf3 25. Rf1 Nxd2 26. Rxf7 Nxe4 27. Rg4
Bd4 28. h3 Rxg4 29. Bxg4 Bxb2 30. Bf5 Re8 31. Rxh7+ Kg8 32. Rxc7 Bd4 33. Bd7
Rf8 34. Bxc6 Rf1+ 35. Kh2 Nd2 36. Bd5+ Kh8 37. Bg3 Rg1 38. Bg2 Ra1 39. Bxd6
Rxa2 40. Kg3 Ra5 41. Kg4 Ra4 42. Bd5 Nf1 43. Kh5 Ra6 44. c5 Ne3 45. Kg6 1-0

[Event "Plzen, JF C"]
[Site "?"]
[Date "1999.??.??"]
[Round "9.11"]
[White "Hlavnicka, J."]
[Black "Hallerova, E."]
[Result "1-0"]
[WhiteElo "2239"]
[BlackElo "2152"]
[PlyCount "65"]
[EventDate "1999.??.??"]
[Source "ChessBase"]
[SourceDate "1996.11.15"]

1. e4 g6 2. d4 Bg7 3. Nc3 c6 4. Nf3 d5 5. h3 dxe4 6. Nxe4 Nf6 7. Nxf6+ Bxf6 8.
Bc4 Nd7 9. O-O b5 10. Bb3 O-O 11. Bh6 Bg7 12. Bxg7 Kxg7 13. Qe2 a5 14. a4 Ba6
15. Rfe1 e6 16. Qe4 Qc7 17. Ne5 Bb7 18. Nxd7 Qxd7 19. Qe5+ Kg8 20. h4 h5 21.
Re3 Rfd8 22. c3 b4 23. Qf6 Re8 24. Rae1 Qe7 25. Qf4 Qf8 26. Rg3 Kh7 27. Re5 f5
28. Bxe6 Qf6 29. Bxf5 Rxe5 30. Bxg6+ Qxg6 31. Qxe5 Qf7 32. Rf3 Qg7 33. Qxh5+
1-0

[Event "Plzen, JF C"]
[Site "?"]
[Date "1999.??.??"]
[Round "9.12"]
[White "Jirka, J."]
[Black "Orsag, M."]
[Result "0-1"]
[WhiteElo "2173"]
[BlackElo "2185"]
[PlyCount "78"]
[EventDate "1999.??.??"]
[Source "ChessBase"]
[SourceDate "1996.11.15"]

1. d4 Nf6 2. g3 c5 3. d5 e6 4. c4 exd5 5. cxd5 d6 6. Nc3 g6 7. Bg2 Bg7 8. Nf3
O-O 9. O-O Nbd7 10. Bf4 Qe7 11. Qd2 Ng4 12. Ng5 Nde5 13. h3 Nf6 14. Nge4 Nxe4
15. Nxe4 Bf5 16. Nc3 h5 17. Bg5 f6 18. Bh6 Nf7 19. Bxg7 Kxg7 20. e4 Bd7 21. a4
Ng5 22. f4 Nf7 23. Rfe1 h4 24. g4 g5 25. Ne2 b5 26. axb5 Bxb5 27. Nc3 Rab8 28.
Ra5 a6 29. Bf1 gxf4 30. Bxb5 axb5 31. Nxb5 Ng5 32. Qd3 Rb7 33. Ra6 Qe5 34. Nxd6
f3 35. Nf5+ Kh8 36. Kf2 Nxh3+ 37. Kxf3 Qf4+ 38. Kg2 Rxb2+ 39. Kh1 Nf2+ 0-1

[Event "Plzen, JF C"]
[Site "?"]
[Date "1999.??.??"]
[Round "9.13"]
[White "Ungr, D."]
[Black "Miskovsky, P."]
[Result "0-1"]
[WhiteElo "2008"]
[BlackElo "2232"]
[PlyCount "106"]
[EventDate "1999.??.??"]
[Source "ChessBase"]
[SourceDate "1996.11.15"]

1. e4 e5 2. Nf3 d6 3. Bc4 Be7 4. c3 Nf6 5. O-O O-O 6. Re1 Nbd7 7. d4 c6 8. a4
b6 9. Nbd2 Bb7 10. Nf1 h6 11. Bb3 Re8 12. a5 bxa5 13. Bxf7+ Kxf7 14. Qb3+ Kf8
15. Qxb7 Qb6 16. Qxb6 axb6 17. dxe5 dxe5 18. Ng3 Kf7 19. Be3 Bc5 20. Bxc5 Nxc5
21. Rad1 g6 22. Rd6 Rac8 23. h3 a4 24. Nd2 b5 25. Ndf1 Red8 26. Rxd8 Rxd8 27.
f3 Nd3 28. Re2 c5 29. Ne3 c4 30. Rd2 Ke6 31. Ngf1 Ra8 32. Nc2 Nxb2 33. Na3 Nd3
34. Nxb5 Rb8 35. Na3 Rb3 36. Nxc4 Rxc3 37. Nfe3 a3 38. Ra2 Nb2 39. Rxa3 Rc1+
40. Kh2 Nxc4 41. Nxc4 Rxc4 42. Ra6+ Ke7 43. Ra7+ Nd7 44. Ra6 Kf7 45. h4 h5 46.
Kh3 Rd4 47. Ra7 Rd3 48. Rc7 Ke6 49. Rc8 Nf6 50. Rc6+ Rd6 51. Rc7 Nd7 52. g4
hxg4+ 53. fxg4 Kf6 0-1

[Event "Plzen, JF C"]
[Site "?"]
[Date "1999.??.??"]
[Round "9.14"]
[White "Satransky, J."]
[Black "Falout, L."]
[Result "1/2-1/2"]
[WhiteElo "2182"]
[BlackElo "2129"]
[PlyCount "38"]
[EventDate "1999.??.??"]
[Source "ChessBase"]
[SourceDate "1996.11.15"]

1. e4 e6 2. d4 d5 3. Nd2 dxe4 4. Nxe4 Nd7 5. Nf3 Ngf6 6. Bd3 Nxe4 7. Bxe4 Nf6
8. Bg5 Be7 9. Bxf6 Bxf6 10. c3 O-O 11. O-O Qd6 12. Qc2 h6 13. Rad1 Rb8 14. Qe2
Bd7 15. Ne5 Bc6 16. Nxc6 bxc6 17. b3 c5 18. dxc5 Qxc5 19. c4 Rfd8 1/2-1/2

[Event "Plzen, JF C"]
[Site "?"]
[Date "1999.??.??"]
[Round "9.15"]
[White "Hrbolka, L jr"]
[Black "Pinc, M."]
[Result "1-0"]
[WhiteElo "2099"]
[BlackElo "2140"]
[PlyCount "95"]
[EventDate "1999.??.??"]
[Source "ChessBase"]
[SourceDate "1996.11.15"]

1. e4 d6 2. d4 Nf6 3. Bd3 g6 4. f4 Bg7 5. Nf3 O-O 6. O-O Nc6 7. c3 Bg4 8. Be3
a6 9. Nbd2 b5 10. h3 Bc8 11. d5 Na5 12. b4 Nb7 13. a4 Bd7 14. Qe2 Nh5 15. Rfc1
e5 16. fxe5 dxe5 17. axb5 axb5 18. Bxb5 Rxa1 19. Rxa1 Nd6 20. Bxd7 Qxd7 21. Kh2
f5 22. Bc5 Nf4 23. Qe3 Rd8 24. Bxd6 cxd6 25. Ra7 Qb5 26. Ra5 Qb7 27. g3 fxe4
28. Qxe4 Nh5 29. Qe3 Rf8 30. Ne4 Qb8 31. Kg2 Nf6 32. Nfg5 Bh6 33. Qd3 Nxe4 34.
Nxe4 Qc7 35. Ra6 Rd8 36. Rc6 Qe7 37. Qa6 Bf8 38. c4 Rd7 39. Qc8 Kg7 40. Ng5 Ra7
41. Ne6+ Kg8 42. Qxf8+ Qxf8 43. Nxf8 Kxf8 44. Rxd6 Ke7 45. Re6+ Kd7 46. c5 Ra2+
47. Kf3 Rb2 48. c6+ 1-0

[Event "Plzen, JF C"]
[Site "?"]
[Date "1999.??.??"]
[Round "9.16"]
[White "Svarc, R."]
[Black "Muller, O."]
[Result "0-1"]
[WhiteElo "2180"]
[BlackElo "2143"]
[PlyCount "78"]
[EventDate "1999.??.??"]
[Source "ChessBase"]
[SourceDate "1996.11.15"]

1. c4 e6 2. Nc3 d5 3. cxd5 exd5 4. e3 c6 5. Nf3 Nf6 6. d3 Bf5 7. Be2 Nbd7 8.
O-O Bb4 9. Bd2 O-O 10. a3 Bxc3 11. Bxc3 Bg4 12. b4 Re8 13. Re1 h6 14. Qb3 Rc8
15. Qb2 Nf8 16. Nd4 Bd7 17. Rac1 Ng6 18. Bf1 Nh4 19. Rc2 Nf5 20. Nf3 b6 21.
Rec1 Re6 22. Be5 Ng4 23. d4 Nxe5 24. Nxe5 f6 25. Ng6 b5 26. Rc3 Nd6 27. Bd3 Qe8
28. Nf4 Re7 29. Bg6 Qd8 30. f3 Nc4 31. Qf2 Be8 32. Bf5 Ra8 33. Re1 Qd6 34. Bb1
a5 35. Qc2 g5 36. Nh3 axb4 37. axb4 Qxb4 38. Nf2 Ra3 39. Rxa3 Qxe1# 0-1

[Event "Plzen, JF C"]
[Site "?"]
[Date "1999.??.??"]
[Round "9.17"]
[White "Dolezal, R sr"]
[Black "Novotny, J."]
[Result "0-1"]
[WhiteElo "2035"]
[BlackElo "2178"]
[PlyCount "50"]
[EventDate "1999.??.??"]
[Source "ChessBase"]
[SourceDate "1996.11.15"]

1. e4 e6 2. d4 d6 3. c4 Ne7 4. Nf3 Nd7 5. Nc3 g6 6. Bd3 Bg7 7. Be3 b6 8. Qd2 h6
9. O-O Bb7 10. Rad1 a6 11. h3 g5 12. Nh2 Ng6 13. Ng4 e5 14. Bc2 h5 15. Nh2 g4
16. hxg4 hxg4 17. Nxg4 Qh4 18. f3 exd4 19. Bxd4 Bxd4+ 20. Qxd4 Nf4 21. Qd2 Qg3
22. Rfe1 O-O-O 23. Nd5 Bxd5 24. exd5 Rh5 25. Re4 Rdh8 0-1

[Event "Plzen, JF C"]
[Site "?"]
[Date "1999.??.??"]
[Round "9.19"]
[White "Papay, J."]
[Black "Zelezny, J."]
[Result "1-0"]
[WhiteElo "2044"]
[BlackElo "1903"]
[PlyCount "63"]
[EventDate "1999.??.??"]
[Source "ChessBase"]
[SourceDate "1996.11.15"]

1. e4 c6 2. d4 d5 3. Nc3 dxe4 4. Nxe4 Bf5 5. Ng3 Bg6 6. h4 h6 7. h5 Bh7 8. Nf3
Nd7 9. Bd3 Bxd3 10. Qxd3 Ngf6 11. c4 e6 12. O-O Bd6 13. Ne4 Nxe4 14. Qxe4 Nf6
15. Qh4 O-O 16. Bd2 Nh7 17. Qg4 Nf6 18. Qh3 Qc7 19. Rfe1 c5 20. Rac1 Bf4 21.
dxc5 Bxd2 22. Nxd2 Qxc5 23. Ne4 Nxe4 24. Rxe4 Rfd8 25. Qf3 Rd2 26. Rf4 Qc7 27.
Rg4 Rad8 28. Re1 R8d3 29. Qf6 Kf8 30. Qxg7+ Ke7 31. Rge4 Rd6 32. Rf4 1-0

[Event "Plzen, JF C"]
[Site "?"]
[Date "1999.??.??"]
[Round "9.20"]
[White "Stehlik, J."]
[Black "Snaidr, J."]
[Result "1-0"]
[WhiteElo "2125"]
[BlackElo "2022"]
[PlyCount "55"]
[EventDate "1999.??.??"]
[Source "ChessBase"]
[SourceDate "1996.11.15"]

1. Nf3 c5 2. c4 Nf6 3. g3 Nc6 4. Nc3 d5 5. cxd5 Nxd5 6. Bg2 e6 7. O-O Be7 8. d4
Nxc3 9. bxc3 O-O 10. Rb1 Qa5 11. Qc2 Bf6 12. Be3 Rd8 13. Rfd1 g6 14. h4 e5 15.
Bg5 Bxg5 16. Nxg5 h6 17. d5 Ne7 18. Nf3 Bf5 19. e4 Bd7 20. Qd2 Ba4 21. Rdc1 Qc7
22. Qxh6 b6 23. Ng5 Be8 24. Qh7+ Kf8 25. Qh8+ Ng8 26. Nh7+ Ke7 27. Qxg8 Bd7 28.
Qg7 1-0

[Event "Plzen, JF C"]
[Site "?"]
[Date "1999.??.??"]
[Round "9.21"]
[White "Sladek, J."]
[Black "Kalista, K."]
[Result "1/2-1/2"]
[WhiteElo "2134"]
[BlackElo "1881"]
[PlyCount "74"]
[EventDate "1999.??.??"]
[Source "ChessBase"]
[SourceDate "1996.11.15"]

1. e4 g6 2. d4 Bg7 3. Be2 c6 4. c3 d5 5. e5 h5 6. Nd2 Nh6 7. Nb3 Bf5 8. Nf3 Nd7
9. Nh4 e6 10. Nxf5 Nxf5 11. O-O Rc8 12. Nd2 O-O 13. Bd3 Qc7 14. Nf3 c5 15. Be3
c4 16. Bxf5 exf5 17. Qd2 Rfe8 18. Bh6 Nf8 19. Bxg7 Kxg7 20. Ng5 Ne6 21. Rae1 b5
22. a3 Rb8 23. f3 a5 24. Re2 Qb7 25. Ref2 Nxg5 26. Qxg5 Qe7 27. Qf4 b4 28. axb4
axb4 29. Re2 Qe6 30. Rfe1 bxc3 31. bxc3 Rb3 32. Qe3 Reb8 33. Rc1 Rb2 34. Rec2
Rxc2 35. Rxc2 Rb1+ 36. Rc1 Qb6 37. h3 Rb2 1/2-1/2

[Event "Plzen, JF C"]
[Site "?"]
[Date "1999.??.??"]
[Round "9.22"]
[White "Klatil, K."]
[Black "Kovarik, J."]
[Result "1-0"]
[WhiteElo "2088"]
[BlackElo "1851"]
[PlyCount "57"]
[EventDate "1999.??.??"]
[Source "ChessBase"]
[SourceDate "1996.11.15"]

1. e4 c5 2. Nf3 Nc6 3. d4 cxd4 4. Nxd4 a6 5. Nc3 g6 6. Be3 Bg7 7. Be2 e6 8. O-O
Nf6 9. Nb3 O-O 10. Bc5 Re8 11. Bf3 Ne5 12. Be2 d5 13. exd5 Nxd5 14. Nxd5 Qxd5
15. Qxd5 exd5 16. Rfe1 Nc4 17. Bxc4 Rxe1+ 18. Rxe1 Be6 19. Bd3 Bxb2 20. Bd4 Ba3
21. Nc5 Bxc5 22. Bxc5 b5 23. c3 Kg7 24. a4 bxa4 25. Ra1 Bd7 26. h3 Kf6 27. Bc2
Ke6 28. h4 h5 29. Re1+ 1-0

[Event "Plzen, JF C"]
[Site "?"]
[Date "1999.??.??"]
[Round "9.23"]
[White "Hercik, J."]
[Black "Koutecky, V."]
[Result "1/2-1/2"]
[WhiteElo "1922"]
[BlackElo "1962"]
[PlyCount "40"]
[EventDate "1999.??.??"]
[Source "ChessBase"]
[SourceDate "1996.11.15"]

1. d4 Nf6 2. c4 g6 3. Nc3 d5 4. f3 Bg7 5. cxd5 Nxd5 6. e4 Nxc3 7. bxc3 O-O 8.
Ba3 Nd7 9. Qb3 c5 10. Rd1 Qb6 11. Ne2 Re8 12. e5 e6 13. f4 cxd4 14. Nxd4 a6 15.
Bc4 Qxb3 16. Bxb3 b5 17. O-O Nb6 18. Bc5 Nd7 19. Bb4 Nb6 20. Bc5 Nd7 1/2-1/2

[Event "Plzen, JF C"]
[Site "?"]
[Date "1999.??.??"]
[Round "9.24"]
[White "Vladyka, V."]
[Black "Korinek, B."]
[Result "1-0"]
[WhiteElo "2082"]
[BlackElo "1895"]
[PlyCount "73"]
[EventDate "1999.??.??"]
[Source "ChessBase"]
[SourceDate "1996.11.15"]

1. e4 e6 2. d4 d5 3. exd5 exd5 4. Bd3 Bd6 5. Nf3 Ne7 6. O-O Bf5 7. Bxf5 Nxf5 8.
Qd3 Qd7 9. Re1+ Ne7 10. c3 Nbc6 11. Bg5 f6 12. Bh4 O-O-O 13. b4 Nf5 14. Bg3
Nxg3 15. fxg3 g5 16. Na3 h5 17. Nb5 h4 18. Nxd6+ cxd6 19. gxh4 g4 20. Nd2 Rxh4
21. Re2 Rdh8 22. g3 R4h7 23. Rf1 Re7 24. Rxe7 Qxe7 25. Qf5+ Kb8 26. Qxf6 Qe3+
27. Rf2 Re8 28. Qxd6+ Ka8 29. b5 Nb8 30. Qxd5 Qe1+ 31. Nf1 Qxc3 32. Rf7 Qc8 33.
a4 Rd8 34. Qc5 Qe6 35. Re7 Qg8 36. Ne3 Nd7 37. Qc7 1-0

[Event "Plzen, JF C"]
[Site "?"]
[Date "1999.??.??"]
[Round "9.25"]
[White "Cervinka, M."]
[Black "Jenc, M."]
[Result "1-0"]
[WhiteElo "2044"]
[BlackElo "1871"]
[PlyCount "33"]
[EventDate "1999.??.??"]
[Source "ChessBase"]
[SourceDate "1996.11.15"]

1. Nf3 Nf6 2. g3 g6 3. b3 Bg7 4. Bb2 O-O 5. Bg2 d5 6. d4 c6 7. O-O b6 8. c4 Bb7
9. Nc3 Nbd7 10. Ne5 Nxe5 11. dxe5 Ng4 12. e4 Nxe5 13. exd5 Qc7 14. Qe2 Rfe8 15.
Rad1 Rad8 16. Rfe1 Qb8 17. f4 1-0

[Event "Plzen, JF C"]
[Site "?"]
[Date "1999.??.??"]
[Round "9.26"]
[White "Cernik, L."]
[Black "Vojir, V sr"]
[Result "1-0"]
[WhiteElo "1903"]
[BlackElo "1756"]
[PlyCount "39"]
[EventDate "1999.??.??"]
[Source "ChessBase"]
[SourceDate "1996.11.15"]

1. e4 c6 2. d4 d5 3. exd5 cxd5 4. c4 Nf6 5. Nc3 e6 6. Nf3 Nc6 7. Bd3 g6 8. cxd5
exd5 9. O-O Bg7 10. Re1+ Ne7 11. Qa4+ Bd7 12. Qb4 Bc6 13. Bg5 h6 14. Bf4 Nfg8
15. Bd6 a6 16. Re2 b6 17. Rae1 Bf6 18. Ne5 a5 19. Qa3 Ra7 20. Nxc6 1-0

[Event "Plzen, JF C"]
[Site "?"]
[Date "1999.??.??"]
[Round "9.27"]
[White "Vojir, V jr"]
[Black "Foglar, S."]
[Result "0-1"]
[WhiteElo "1768"]
[BlackElo "2026"]
[PlyCount "92"]
[EventDate "1999.??.??"]
[Source "ChessBase"]
[SourceDate "1996.11.15"]

1. d4 Nf6 2. c4 c5 3. Nf3 cxd4 4. Nxd4 e6 5. Nc3 Bb4 6. Bd2 O-O 7. Qb3 Bxc3 8.
Bxc3 d5 9. e3 Nc6 10. Bd3 Re8 11. O-O e5 12. Nc2 d4 13. exd4 exd4 14. Bd2 Be6
15. Rfe1 Nd7 16. Na3 Nce5 17. Qc2 Nxd3 18. Qxd3 Nc5 19. Qf3 Qd7 20. b4 Na4 21.
Rac1 Nb6 22. c5 Nc8 23. Rc2 Ne7 24. Nb1 Nf5 25. Rb2 Bd5 26. Qd1 Rxe1+ 27. Qxe1
Re8 28. Qf1 Qe6 29. a3 Nh4 30. f3 Nf5 31. Qf2 Ne3 32. Bxe3 dxe3 33. Qe1 Qe5 34.
Rc2 Bb3 35. Re2 Bc4 36. Rc2 Bd3 37. Rc1 Qb2 38. h3 a6 39. h4 h5 40. Rd1 Bxb1
41. Rxb1 Qxa3 42. Qe2 Qc3 43. Kf1 g6 44. g3 Qe5 45. Kg2 Qc3 46. Rb2 Rd8 0-1